La ciencia de la biología / (Record no. 140665)

MARC details
000 -LEADER
campo de control de longitud fija 00705nam a2200229 i 4500
001 - NÚMERO DE CONTROL
campo de control 140665
003 - IDENTIFICADOR DE NÚMERO DE CONTROL
campo de control ES-MaACL
005 - FECHA Y HORA DE LA ÚLTIMA TRANSACCIÓN
campo de control 20230906200127.0
007 - CAMPO FIJO DE DESCRIPCIÓN FÍSICA--INFORMACIÓN GENERAL
campo de control de longitud fija t|
008 - DATOS DE LONGITUD FIJA--INFORMACIÓN GENERAL
campo de control de longitud fija 070914s1984 sp ||||1| spa d
020 ## - NÚMERO INTERNACIONAL ESTÁNDAR DEL LIBRO
Número Internacional Estándar del Libro 84-282-0428-4
080 ## - NÚMERO DE LA CLASIFICACIÓN DECIMAL UNIVERSAL
Número de la Clasificación Decimal Universal 575/577(022)
100 1# - ENTRADA PRINCIPAL--NOMBRE DE PERSONA
Nombre de persona Weisz, Paul B.
9 (RLIN) 116418
245 13 - MENCIÓN DEL TÍTULO
Título La ciencia de la biología /
Mención de responsabilidad, etc. Paul B. Weisz ; [traducido por José Luis Ménsua y por Ana Rosich y Oriol Cabré].
250 ## - MENCION DE EDICION
Mención de edición 5ª ed.
260 ## - PUBLICACIÓN, DISTRIBUCIÓN, ETC.
Lugar de publicación, distribución, etc. Barcelona :
Nombre del editor, distribuidor, etc. Omega,
Fecha de publicación, distribución, etc. 1984.
300 ## - DESCRIPCIÓN FÍSICA
Extensión XIV, 668 p. :
Otras características físicas il. ;
Dimensiones 24 cm.
700 1# - ENTRADA AGREGADA--NOMBRE PERSONAL
Nombre de persona Mensua Fernández, J. L.
9 (RLIN) 80382
700 1# - ENTRADA AGREGADA--NOMBRE PERSONAL
Nombre de persona Rosich, Ana.
9 (RLIN) 99779
700 1# - ENTRADA AGREGADA--NOMBRE PERSONAL
Nombre de persona Cabré, Oriol.
9 (RLIN) 33263
852 ## - LOCALIZACIÓN
Ubicación ES-MaACL
Número de control de estantería L-9053
Sublocalización o colección R.110546
Holdings
Estatus retirado Estado de pérdida Estado de daño No para préstamo Biblioteca de origen Biblioteca actual Ubicación en estantería Fecha de adquisición Fuente de adquisición Total de préstamos Signatura topográfica completa Código de barras Visto por última vez Precio de reemplazo Tipo de ítem Koha
        Biblioteca del Ateneo de Madrid Biblioteca del Ateneo de Madrid Depósito 2 17/01/2008     L-9053 1146378 23/02/2023 23/02/2023 Libro impreso